Pedagogy of the oppressed

Guardat en:
Dades bibliogràfiques
Autor principal: Freire, Paulo (Autor)
Format: Llibre
Idioma:anglès
Publicat: Nueva York The Seabury Press 1970
Edició:1a. ed
Col·lecció:Education, Sociology
Matèries:
Etiquetes: Afegir etiqueta
Sense etiquetes, Sigues el primer a etiquetar aquest registre!

MARC

LEADER 00000nam a2200000 a 4500
001 UCH0260
003 CL-VaPUC
005 20230324110622.0
008 090227e19700000US |||||||||||||||||eng|d
999 |c 332598  |d 332596 
020 |a 0816491321 
040 |c Pontificia Universidad Católica de Valparaíso 
082 0 4 |a 370.1  |b FRE  |2 21 
100 1 |a Freire, Paulo  |e author  |9 880930 
245 1 0 |a Pedagogy of the oppressed 
250 |a 1a. ed 
260 |a Nueva York  |b The Seabury Press  |c 1970 
300 |a 186 p 
490 0 |a Education, Sociology 
583 |a last modification  |c 20130104 11:28:23  |k Rodrigo Vera 
650 0 |a Teoría de la educación   |9 309368 
650 0 |a Filosofía de la educación   |9 258384 
650 0 |a Libertad de enseñanza   |9 311567 
650 0 |a Opresión   |9 349344 
942 |c BK  |2 ddc 
945 |d 20090227 00:00:00  |a cmena 
952 |0 0  |1 0  |4 0  |6 370_100000000000000_FRE_1970  |7 0  |8 A  |9 420446  |a FDOPOS  |b FDOPOS  |d 2019-11-22  |i 4516672  |o 370.1 FRE 1970  |p 4516672  |r 2025-01-22  |w 2019-11-22  |y BK  |k MLA